Team des Turniers der UEFA EURO 2024 - Statistiken

Allgemein
  • Dieses Quiz wurde 111 mal gespielt
  • Das Durchschnittsergebnis liegt bei 4 aus 11
Antwortstatistiken
Spieler % Korrekt
Lamine Yamal
82%
Jamal Musiala
73%
Rodri
56%
Nico Williams
53%
Dani Olmo
34%
Marc Cucurella
33%
Fabian Ruiz
30%
Mike Maignan
23%
Kyle Walker
11%
William Saliba
9%
Manuel Akanji
7%
Keine übereinstimmenden Quizze gefunden
Verteilung der Resultate
Anzahl Personen mit jedem Resultat
Perzentil nach korrekt beantworteten Fragen
Ihre Resultats-Entwicklung
Sie haben dieses Quiz noch nicht gespielt